000 00263nam a22001097a 4500
020 _a0130843652
100 _awilson, buffa
245 _aPHYSICS: Student study guide & solutions manual
250 _a4th ed.
260 _aUSA
_bPRENTICE HALL
_c2000
942 _cSB
999 _c251955
_d251954